| 000 | 00692nam a22002297a 4500 | ||
|---|---|---|---|
| 005 | 20170124110016.0 | ||
| 010 | _aA-798239 | ||
| 020 |
_c38.00 _a812301789 |
||
| 035 | _aA-798239 | ||
| 037 | _bCen Lib/Ret | ||
| 040 |
_aDPL _bEN |
||
| 082 |
_a333.783 _bBIS |
||
| 100 |
_aBisht, R.S. _918773 |
||
| 245 |
_aNational parks of india / _cby R.S. Bisht |
||
| 260 |
_bMinistary of Information and Broadcasting _c1995 _aNew Delhi |
||
| 270 |
_bNew Delhi _e110001 |
||
| 300 |
_a136p. ; _c20cm(Hb) _bill. |
||
| 500 | _aIncludes bibliographical references | ||
| 650 |
_aNational parks _zIndia _918774 |
||
| 650 |
_aWilds animals _918775 |
||
| 942 |
_2ddc _cEN _h333.783 _mBIS |
||
| 999 |
_c126893 _d126893 |
||